[Event "RSA-ch U16 Girls"]
[Site "Bloemfontein"]
[Date "2016.03.20"]
[Round "1"]
[White "Kara, Zahra"]
[Black "Modi, Sonia"]
[Result "1/2-1/2"]
[WhiteElo "1235"]
[BlackElo "1706"]
[PlyCount "59"]
[EventDate "2016.03.20"]
[EventType "swiss"]
[EventRounds "11"]
[EventCountry "RSA"]
[SourceTitle "CBM 171 Extra"]
[Source "ChessBase"]
[SourceDate "2016.04.26"]
[SourceVersion "1"]
[SourceVersionDate "2016.04.26"]
[SourceQuality "1"]

1. e4 e6 2. d4 d5 3. Nd2 Nf6 4. e5 Nfd7 5. Bd3 c5 6. c3 Qb6 7. Ne2 Nc6 8. Nf3 Be7 9. 0-0 0-0 10. Qc2 h6 11. b3 f6 12. Nf4 Ndb8 13. Bh7+ Kh8 14. Qg6 fxe5 15. Nxd5 Bf6 16. Bxh6 Qc7 17. Be3 cxd4 18. Nxf6 Rxf6 19. Qe8+ Rf8 20. Qxf8+ Kxh7 21. Ng5+ Kg6 22. Qe8+ Kf5 23. Qf8+ Kg6 24. Qe8+ Kf5 25. Qf8+ Kg6 26. Qe8+ Kf5 27. Qf8+ Kg6 28. Qe8+ Kf5 29. Qf8+ Kg6 30. Qe8+ 1/2-1/2